000 00365nam a2200145Ia 4500
008 230917s9999||||xx |||||||||||||| ||und||
040 _e47435
_aMAIN
041 _aEnglish
082 _a822.33 S15K:S
100 _aKastan, David Scott
245 0 _aShakespeare and the shapes of time
260 _aLondon
_bMacmillan
_c1982
300 _aviii, 197 p.
942 _cBK
999 _c36407
_d36407